[Event "FIDE Moscow Grand Prix 2017"]
[Site "Moscow"]
[Date "2017.05.20"]
[Round "8"]
[White "Tomashevsky, Evgeny"]
[Black "Vachier-Lagrave, Maxime"]
[Result "1/2-1/2"]
[WhiteElo "2696"]
[BlackElo "2795"]
[Annotator "TA"]
[PlyCount "201"]
[EventDate "2017.??.??"]
[EventType "tourn"]
[EventCountry "RUS"]
[SourceTitle "playchess.com"]
[Source "ChessBase"]
[SourceQuality "1"]

{[%evp 22,201,12,0,6,0,0,-12,-14,-17,0,0,0,0,0,0,0,0,0,0,0,0,0,0,0,0,0,-43,-43,-44,-42,-53,-52,-55,-14,-14,-14,-14,-14,-12,-9,-112,-109,-147,-135,-144,-135,-134,-134,-137,-136,-134,-134,-134,-134,-136,-135,-168,-168,-168,-168,-175,-175,-175,-175,-175,-175,-175,-175,-175,-175,-175,-175,-175,-162,-175,-152,-175,-162,-175,-175,-175,-175,-175,-175,-175,-175,-198,-175,-175,-175,-175,-175,-175,-175,-198,-198,-198,-166,-166,-166,-166,-166,-166,-166,-166,-166,-166,-166,-166,-166,-166,-166,-167,-16,-166,-166,-166,-166,-166,-166,-166,-166,-166,-166,-166,-166,-166,-166,-166,-166,-166,-166,-166,-166,-166,-166,-166,-166,-166,-166,-166,-166,-166,-166,-166,-166,-166,-166,-166,-166,-166,-166,-166,-166,-166,-166,-166,-166,-166,-166,-166,-166,-166,-166,-166,-166,-166,-166,-174,-174,-174,-174,-174,-166,-174,-174,-174,-168,-166,-166,-168]} 1. d4 Nf6 2. c4 g6 3. Nc3 d5 4. Bg5 Ne4 5. Bh4 Nxc3 6. bxc3 dxc4 7. e3 Be6 8. Be2 {D80: Grünfeld: Unusual White 4th moves and 4 Bg5} Nd7 9. Nf3 Bg7 10. O-O Nb6 11. Qc2 O-O 12. Rfb1 {LiveBook: 8 Games} Bd7 13. a4 a5 14. Bg3 Bc6 15. e4 {[#]} Qd7 $146 {[%cal Rc6a4]} ({Predecessor:} 15... f5 16. Rxb6 Bxe4 17. Bxc4+ {0-1 (44) Tomashevsky,E (2758)-Vachier Lagrave,M (2758) Baku 2015}) 16. Rxb6 cxb6 17. d5 {[#]} Bxa4 $1 18. Rxa4 b5 19. Ra2 $1 b4 20. cxb4 axb4 21. Bxc4 Ra3 22. Rxa3 $1 bxa3 23. Qa2 Qa4 (23... Rc8 $5 {[%cal Rd7a4]} 24. h3 Bb2 $14) 24. h4 Qd1+ 25. Kh2 Qa1 26. e5 Qxa2 27. Bxa2 Rc8 {[#] Threatens to win with ...Rc2.} 28. d6 exd6 29. exd6 Bf6 {Hoping for ...Rc2.} 30. Ng5 {aiming for d7.} Rc2 31. Bxf7+ (31. Ne4 $11 Bd8 32. Bd5 (32. Bb3 $2 Rb2 $19)) 31... Kg7 $17 32. Bb3 a2 33. Ne6+ Kh8 34. Bxa2 Rxa2 {[%mdl 4096] Endgame KRB-KBN} 35. d7 Rd2 36. Nc5 {White wants to play Ne4.} Be7 37. Nxb7 Rxd7 38. Na5 Rd5 39. Nc4 Kg8 40. Ne3 Rd4 41. Kh3 h5 42. f3 Kf7 43. Bf2 Rd2 44. Bg3 Ke6 45. Bf4 Rd3 46. Nf1 Rd1 47. Ng3 Rb1 48. Bc7 Bf6 49. Bf4 Bd8 50. Be3 Bc7 51. Bg5 Kd5 52. Bf6 Kc4 53. Bg5 Kd3 54. Bh6 Be5 55. Bf8 Ra1 56. Be7 Ra6 57. Bf8 Rc6 58. Bh6 Bxg3 59. Kxg3 $19 {KR-KB} Ke2 {...Kf1 is the strong threat.} 60. Kf4 {intending Kg5.} Kf2 61. g4 Rc4+ 62. Kg5 Kxf3 63. gxh5 Rg4+ 64. Kf6 gxh5 65. Bg5 Re4 66. Kf5 Re8 67. Bf6 Rf8 $2 (67... Rc8 $19 {White must now prevent ...Rc5+.} 68. Ke5 Re8+ 69. Kf5 Rb8) 68. Ke5 (68. Kg5 $11) 68... Kg4 {Black is clearly better.} 69. Bg5 Re8+ 70. Kd4 Kf3 71. Kd3 Re4 72. Bf6 Re6 73. Bg5 Rd6+ 74. Kc3 Ke4 75. Kc2 Rd3 76. Bh6 Kd4 77. Bg5 Rf3 78. Kd2 Rf2+ 79. Ke1 Ra2 80. Bf6+ Kd3 81. Bg5 Re2+ 82. Kf1 Re5 83. Kf2 Rf5+ 84. Ke1 Rf7 85. Bh6 Re7+ 86. Kf2 Re2+ 87. Kf1 Rh2 88. Bg5 Ke4 89. Ke1 Kf3 90. Kd1 Re2 91. Bh6 Kf2 92. Bg5 Re5 93. Kd2 Rd5+ 94. Kc3 Ke2 95. Kc4 Rd3 96. Bh6 Ra3 {And now ...Ra4+ would win.} 97. Bg5 Kf3 98. Kd4 Kg4 99. Ke4 Rh3 100. Bf6 Rh1 101. Bg5 {Precision: White = 69%, Black = 82%.} 1/2-1/2

[Event "FIDE Moscow Grand Prix 2017"]
[Site "Moscow"]
[Date "2017.05.20"]
[Round "8"]
[White "Hou, Yifan"]
[Black "Vallejo Pons, Francisco"]
[Result "1/2-1/2"]
[WhiteElo "2652"]
[BlackElo "2710"]
[Annotator "TA"]
[PlyCount "138"]
[EventDate "2017.??.??"]
[EventType "tourn"]
[EventCountry "RUS"]
[SourceTitle "playchess.com"]
[Source "ChessBase"]
[SourceQuality "1"]

{[%evp 14,137,0,0,28,28,25,27,22,31,28,27,26,17,53,18,35,29,60,60,64,12,56,46,68,41,45,44,53,60,71,62,70,21,30,0,0,0,0,0,0,-13,-5,-14,0,0,0,-57,-53,-68,-51,-52,-32,-64,0,0,0,-81,-82,-119,-119,-119,-91,-91,-91,-91,-91,-91,0,0,0,0,0,0,0,0,0,0,0,0,0,0,0,0,0,0,0,-199,0,0,0,0,0,0,0,0,0,0,0,0,0,0,0,0,0,0,0,0,0,0,0,0,0,0,0,0,0,0,0,0,0,0,0,0,0,0]} 1. e4 e6 2. d4 d5 3. Nc3 Nf6 4. Bg5 Bb4 5. exd5 Qxd5 6. Bxf6 Bxc3+ 7. bxc3 gxf6 8. Qd2 Qa5 {C12: French: Classical System: McCutcheon Variation} ({Predecessor:} 8... Nd7 9. Nf3 b6 10. c4 Qe4+ 11. Be2 Bb7 12. O-O-O O-O-O 13. Qe3 Qf5 14. Rhe1 Rhe8 15. Kb2 e5 16. Nh4 {½-½ (78) Olivier,J (2392)-Michiels,B (2455) Lausanne 2006}) 9. Bd3 Bd7 10. Ne2 Bc6 {White has an edge.} 11. f3 $146 (11. Nf4 Nd7 12. c4 Qxd2+ 13. Kxd2 e5 14. Nd5 Bxd5 15. cxd5 O-O-O 16. Ke3 {0-1 (58) Ninov,N (2508)-Volkov,S (2593) Fagernes 2013}) 11... Nd7 12. c4 Qxd2+ 13. Kxd2 Nb6 14. h4 Rg8 15. Rhg1 Rd8 16. Ke3 Ke7 17. g4 ({White should try} 17. Rab1 $14) 17... h6 (17... h5 $5) 18. Rab1 Nc8 19. Nc3 b6 20. a4 Nd6 21. Nb5 Ne8 22. a5 Bxb5 23. Rxb5 f5 $1 24. axb6 axb6 25. c5 Nf6 26. cxb6 cxb6 {[%cal Rf5g4]} 27. Be2 Nd5+ 28. Kd2 $1 Nf4 29. c3 Rc8 30. Bf1 (30. Bd3 $11) 30... h5 $15 {[%cal Rf5g4]} 31. c4 hxg4 32. fxg4 fxg4 33. Rxb6 f5 (33... g3 $15 34. Rb7+ Kf6) 34. Ke3 $11 Nh3 35. Bxh3 (35. Rg2 $1 $11 {remains equal.}) 35... gxh3 $17 36. Rxg8 Rxg8 $11 {[%mdl 4096] Endgame KR-KR} 37. Rb1 Rh8 38. d5 exd5 (38... Rxh4 $2 39. dxe6 Rxc4 40. Kf3 $17) 39. cxd5 Rxh4 40. Kf2 {[#]} Kd6 (40... h2 $1 $17 {[%cal Rh2h1]} 41. Kg2 Kd6) 41. Kg3 Rh5 42. Kh2 $1 Kxd5 43. Rb5+ Ke4 (43... Kc4 {seems wilder.} 44. Ra5 Kd3 45. Ra3+ Kc2 46. Ra2+ Kd3) 44. Rb4+ Ke5 45. Rb5+ Kf6 46. Rb1 Rh4 {...f4 is the strong threat.} 47. Rb3 $1 Ke5 48. Rb5+ $1 Kf4 {Hoping for ...Kg4.} 49. Rb3 Rh8 {Threatens to win with ...Rh6.} 50. Rb1 $2 {[#]} (50. Rb4+ $11 {and White has nothing to worry.} Kf3 51. Rb3+ Kg4 52. Rg3+ Kf4 53. Ra3) 50... Ke3 $2 (50... Kg4 $1 $19 {Strongly threatening ...Re8.} 51. Rg1+ Kf4) 51. Rb3+ {The position is equal.} Kd2 {White must now prevent ...f4.} 52. Rb2+ Kc3 53. Rb5 Rh5 {And now ...Kd4 would win.} 54. Rd5 Kc4 55. Rd8 Kc5 56. Rd7 Kb6 57. Rd3 Kc6 58. Rd8 Rh4 (58... Kc7 $5 {[%cal Rc7d8]} 59. Rd3 Kc6 $15) 59. Rf8 f4 {aiming for ...Kd5.} 60. Rd8 Kc5 (60... f3 $5 {[%cal Rh4f4]} 61. Rf8 Kd7 $11) 61. Rd7 Kc6 (61... f3 {feels hotter.} 62. Rd2 Rf4 63. Kg3 Rf8 64. Rh2 Kd5) 62. Rd3 Rh8 (62... f3 $5 63. Rxf3 Kd6 $11) 63. Rxh3 Rxh3+ 64. Kxh3 {KP-K} Kd5 {[%cal Bc6d5,Bd5e4,Be4e3,Be3f3][%mdl 32]} 65. Kg2 Ke4 (65... f3+ $5 66. Kxf3 $11) 66. Kf2 {[%cal Bg2f2,Bf2f1,Bf1e1][%mdl 32]} f3 (66... Kd3 $5) 67. Kf1 Ke3 {( -> ...f2)} (67... Kd3 $5) 68. Ke1 f2+ $2 {[%mdl 8192]} (68... Kd3 69. Kf2 Ke4) 69. Kf1 Kf3 {Precision: White = 81%, Black = 55%.} 1/2-1/2

[Event "FIDE Moscow Grand Prix 2017"]
[Site "Moscow"]
[Date "2017.05.20"]
[Round "8"]
[White "Salem, A R  Saleh"]
[Black "Inarkiev, Ernesto"]
[Result "1/2-1/2"]
[WhiteElo "2633"]
[BlackElo "2727"]
[Annotator "TA"]
[PlyCount "61"]
[EventDate "2017.??.??"]
[EventType "tourn"]
[EventCountry "RUS"]
[SourceTitle "playchess.com"]
[Source "ChessBase"]
[SourceQuality "1"]

{[%evp 16,61,5,-16,18,7,9,5,14,6,10,0,-8,-58,-27,-134,-131,-144,-147,-146,-153,-134,-139,-141,-137,-127,-135,-142,20,27,10,-14,-27,-28,-38,-30,-20,-41,0,0,0,0,0,0,0,0,0,0]} 1. e4 e5 2. Nf3 Nc6 3. Bc4 Bc5 4. c3 Nf6 5. d3 O-O 6. Bg5 h6 {C54: Giuoco Piano: 4 c3 Nf6, main lines with 5 d4 and 5 d3} (6... d6 7. Nbd2 h6 8. Bh4 g5 9. Nxg5 hxg5 10. Bxg5 Kg7 11. Qf3 Be6 12. b4 Bb6 13. Bd5 a5 14. b5 Nb8 15. Bxb7 {½-½ (53) Carlsen,M (2840)-Karjakin,S (2785) Wijk aan Zee 2017}) 7. Bh4 Be7 8. Bg3 d6 9. Nbd2 {[%cal Bb1d2,Bd2f1,Bf1e3][%mdl 32] LiveBook: 5 Games} g6 $146 ({Predecessor:} 9... Be6 10. O-O a5 11. Bb5 Nh5 12. d4 Nxg3 13. hxg3 Na7 14. Bc4 {1-0 (47) Nisipeanu,L (2687)-Bosiocic,M (2607) Austria 2017}) 10. a3 Nh5 11. Nf1 Kh7 {[%cal Bg8h7,Bh7h8,Bh8g7][%mdl 32]} 12. Ne3 f5 13. exf5 $1 gxf5 {[%cal Bg6f5,Bf5f4,Bf4e3,Be3e2][%mdl 32]} 14. d4 {[%cal Rf3e5]} f4 $1 {[%cal Rf4e3]} 15. Nh4 (15. Nd5 $11 {remains equal.}) 15... Nxg3 $17 16. Qc2+ Kh8 ({Not} 16... Nf5 17. Nexf5 Bxf5 18. Nxf5 $16) 17. Ng6+ Kg7 18. Nxf8 Qxf8 19. fxg3 {[#] Black must now prevent 0-0.} fxe3 20. Rf1 Bf6 21. Qe4 exd4 $2 (21... d5 $1 $17 {[%cal Rd5e4]} 22. Qxd5 exd4 23. cxd4 Qe8) 22. Bd3 $36 {[%csl Gd3][%cal Re4h7][%mdl 2048] White is pushing.} Qf7 23. O-O-O e2 $1 {[%cal Re2d1]} (23... dxc3 $2 24. Qh7+ Kf8 {[#]} 25. Rxf6 $1 $18 {[%mdl 512]}) 24. Qh7+ Kf8 25. Qxh6+ Ke7 26. Bxe2 Qg7 ({Avoid the trap} 26... dxc3 $2 27. Bh5 $18) 27. Rxf6 {The position is equal.} Qxf6 28. Qh7+ Qf7 29. Qh4+ Qf6 {Threatens to win with ...Qxh4.} 30. Qh7+ Qf7 31. Qh4+ {Precision: White = 50%, Black = 63%.} 1/2-1/2

[Event "FIDE Moscow Grand Prix 2017"]
[Site "Moscow"]
[Date "2017.05.20"]
[Round "8"]
[White "Hammer, Jon Ludvig"]
[Black "Adams, Michael"]
[Result "1/2-1/2"]
[WhiteElo "2621"]
[BlackElo "2747"]
[Annotator "TA"]
[PlyCount "46"]
[EventDate "2017.??.??"]
[EventType "tourn"]
[EventCountry "RUS"]
[SourceTitle "playchess.com"]
[Source "ChessBase"]
[SourceQuality "1"]

{[%evp 11,46,10,19,18,14,23,10,0,18,12,14,6,14,0,20,12,21,18,33,20,33,22,28,22,42,27,16,2,0,-3,-3,0,0,0,0,0,0]} 1. c4 e5 2. g3 Nf6 3. Bg2 d5 4. cxd5 Nxd5 5. Nf3 Nc6 6. O-O Nb6 7. b3 {A20: English Opening: 1...e5} Be7 (7... Bd6 8. Bb2 O-O 9. Nc3 Re8 10. Ne4 Bf8 11. d3 f5 12. Ned2 e4 13. Ne1 e3 14. fxe3 Rxe3 {½-½ (28) Adams,M (2751)-Vachier Lagrave,M (2796) Sharjah 2017}) 8. Bb2 f6 9. Nc3 O-O 10. d4 Nxd4 11. Nxd4 $146 ({Predecessor:} 11. e3 Nc6 12. Qxd8 Rxd8 13. Nb5 Bf5 14. Rfd1 Bd6 15. Nxd6 cxd6 16. Rd2 d5 17. Rad1 {0-1 (60) Khulan,E (1982)-Munkhzul,T (2075) Dadal 2017}) 11... exd4 12. Nb5 d3 13. Nd4 c5 14. Nb5 Bf5 15. a4 Qd7 16. exd3 Bh3 17. Bxh3 Qxh3 18. Qe2 Qd7 19. Rfe1 {The position is equal.} Rfe8 20. Qe6+ Qxe6 21. Rxe6 {[#] aiming for Nc7.} Nd5 22. d4 Kf7 23. Rd6 Red8 {Precision: White = 69%, Black = 70%.} 1/2-1/2

[Event "FIDE Moscow Grand Prix 2017"]
[Site "Moscow"]
[Date "2017.05.21"]
[Round "9"]
[White "Nakamura, Hikaru"]
[Black "Svidler, Peter"]
[Result "1/2-1/2"]
[WhiteElo "2786"]
[BlackElo "2755"]
[Annotator "TA"]
[PlyCount "69"]
[EventDate "2017.??.??"]
[EventType "tourn"]
[EventCountry "RUS"]
[SourceTitle "playchess.com"]
[Source "ChessBase"]
[SourceQuality "1"]

{[%evp 25,69,33,38,27,50,11,20,20,20,22,18,23,20,8,11,15,87,81,83,65,75,60,64,42,78,0,7,0,0,-71,-62,-63,0,0,0,0,0,0,0,-91,-89,-89,-83,-89,-96,-81]} 1. d4 Nf6 2. c4 g6 3. Nf3 Bg7 4. e3 O-O 5. Be2 c5 6. d5 d6 7. Nc3 e6 8. O-O Re8 9. e4 exd5 10. exd5 Ne4 11. Nxe4 Rxe4 12. Bd3 Re8 13. Bg5 Bf6 14. Qd2 {E91: King's Indian: Classical: 6 Be2, unusual replies including 6...c5 and 6...Bg4} Nd7 {[%cal Bb8d7,Bd7e5,Be5f3][%mdl 32]} 15. Rfe1 $146 ({Predecessor:} 15. Rae1 Rxe1 16. Rxe1 Bxg5 17. Qxg5 Nf6 18. Qh4 Kg7 19. Ng5 Bd7 20. Re3 Qf8 21. Rf3 Qe7 {½-½ (41) Bruno,F (2453)-Matamoros Franco,C (2508) Bratto 2008}) 15... Ne5 {Threatens to win with ...Nxf3+.} 16. h4 {The position is equal.} Nxf3+ 17. gxf3 {Rxe8+ is the strong threat.} Bd7 18. Rxe8+ Bxe8 19. Qf4 Bxg5 20. hxg5 h6 (20... Rb8 $11 {remains equal.}) 21. gxh6 $16 Qe7 22. a3 a5 23. Rc1 {[%cal Ba1c1,Bc1c3,Bc3b3][%mdl 32] aiming for Rc2.} Bd7 24. Rc3 {Strongly threatening Rb3.} Re8 {[#]} 25. Kg2 (25. Bf1 $1 $16) 25... Qd8 $11 26. Rb3 (26. h7+ $5 Kh8 27. Rc1 $14) 26... Bc8 27. Bc2 {[#]} (27. Qg3 $11 Kh7 28. f4) 27... Re5 $1 $17 28. Re3 Rh5 (28... Rg5+ $15 29. Kf1 Bf5 30. Bxf5 Rxf5) 29. Ba4 $1 $11 Bd7 $40 {[%mdl 128] Black attacks.} 30. Bxd7 Qxd7 31. Kf1 Qd8 32. Ke2 (32. b3 $11 {keeps the balance.}) 32... Rh4 $17 {Black is better.} 33. h7+ Kg7 34. h8=B+ Rxh8 35. Re4 {Precision: White = 55%, Black = 74%.} 1/2-1/2

[Event "FIDE Moscow Grand Prix 2017"]
[Site "Moscow"]
[Date "2017.05.21"]
[Round "9"]
[White "Giri, Anish"]
[Black "Grischuk, Alexander"]
[Result "1/2-1/2"]
[WhiteElo "2785"]
[BlackElo "2750"]
[Annotator "TA"]
[PlyCount "115"]
[EventDate "2017.??.??"]
[EventType "tourn"]
[EventCountry "RUS"]
[SourceTitle "playchess.com"]
[Source "ChessBase"]
[SourceQuality "1"]

{[%evp 11,115,35,27,17,30,19,33,39,37,-64,-56,-70,-79,-107,-93,-96,-106,-106,-38,-42,-39,-32,-34,-91,-103,-88,-99,-85,-75,-72,-83,-90,-79,-98,-85,-83,-79,-79,-81,-75,-79,-79,-82,-77,-77,-60,-31,-31,-31,-54,-59,-57,-12,-14,-19,-27,-22,-31,-42,-85,-77,-82,-29,-32,-37,-77,0,-9,-9,-9,-9,-9,-9,-9,-9,-9,0,0,0,0,0,0,0,0,0,0,0,0,0,0,0,0,0,0,0,0,0,0,0,0,0,0,0,0,0,0]} 1. c4 e5 2. Nc3 Bb4 3. Nd5 Bc5 4. e3 Nf6 5. b4 Nxd5 6. bxc5 {A21: English Opening: 1...e5 2 Nc3} Nf6 {LiveBook: 10 Games} 7. Nf3 $146 ({Predecessor:} 7. Bb2 Qe7 8. Nf3 Nc6 9. Qb3 b6 10. cxb6 axb6 11. Be2 O-O 12. O-O d6 {0-1 (33) Nakamura,H (2787)-Anand,V (2770) Leuven 2016}) 7... Qe7 8. Be2 {White has an edge.} e4 9. Nd4 Na6 10. g4 (10. O-O $14) 10... Nxc5 $15 11. Nf5 Qf8 12. g5 d6 13. Ng3 Nfd7 {[%cal Bf6d7,Bd7e5,Be5f3][%mdl 32]} 14. Qc2 {[#]} Qe7 ({Better is} 14... f5 $1 $17 {Hoping for ...Ne5.} 15. gxf6 Nxf6) 15. Bb2 Ne5 {White must now prevent ...Ned3+.} 16. Nxe4 Bf5 17. f3 {[#]} (17. Nxd6+ $15 Qxd6 18. Qxf5 Ned3+ 19. Bxd3 Nxd3+ 20. Ke2 Nxb2 21. Qb5+ Qc6 22. Qe5+ Qe6 23. Qb5+ c6 24. Qxb2) 17... Nxf3+ $1 $17 {[%mdl 512]} 18. Bxf3 Bxe4 19. Bxe4 Qxe4 20. Qxe4+ Nxe4 21. Rg1 O-O 22. Bd4 f6 23. gxf6 Nxf6 24. Ke2 b6 25. a4 a5 26. Raf1 Nh5 27. e4 Rxf1 (27... g6 {looks sharper.} 28. Ke3 Ng7 29. Bc3 Ne6 30. d4 Rae8) 28. Rxf1 Rf8 (28... Re8 $5 {[%cal Re8e4]} 29. d3 g6 $17) 29. Rxf8+ Kxf8 $15 {[%mdl 4096] Endgame KB-KN} 30. e5 Ke7 31. Kf3 dxe5 32. Bxe5 Kd7 33. d4 Nf6 34. Kf4 Ne8 35. Ke4 Nd6+ 36. Kd3 g6 (36... g5 $17) 37. Bf4 $11 Nf5 38. Bd2 Nd6 ({Black should try} 38... Kc6 $17) 39. c5 {The position is equal.} Nb7 40. Be3 bxc5 41. dxc5 Kc6 42. Kc4 Nd8 43. Bd2 Nb7 44. Be3 {[#]} g5 $1 {[%mdl 512]} 45. Bxg5 Nxc5 46. Bd2 Nxa4 {Strongly threatening ...Nb6+.} 47. Bxa5 Nb6+ 48. Kd4 Kd6 49. Ke4 Ke6 50. Kd4 Kf5 51. Kc5 Kg4 52. Kc6 Kh3 53. Kxc7 Nc4 54. Bc3 Kxh2 55. Kc6 Ne3 56. Bd2 Ng4 57. Kd5 $1 h5 58. Bg5 {Precision: White = 69%, Black = 66%.} 1/2-1/2

[Event "FIDE Moscow Grand Prix 2017"]
[Site "Moscow"]
[Date "2017.05.21"]
[Round "9"]
[White "Mamedyarov, Shakhriyar"]
[Black "Vachier-Lagrave, Maxime"]
[Result "1/2-1/2"]
[WhiteElo "2772"]
[BlackElo "2795"]
[Annotator "TA"]
[PlyCount "52"]
[EventDate "2017.??.??"]
[EventType "tourn"]
[EventCountry "RUS"]
[SourceTitle "playchess.com"]
[Source "ChessBase"]
[SourceQuality "1"]

{[%evp 30,31,7,7]} 1. d4 Nf6 2. c4 g6 3. g3 c6 4. Bg2 d5 5. cxd5 cxd5 6. Nf3 Bg7 7. Nc3 Ne4 8. Qa4+ Nc6 9. Ne5 Nxc3 10. bxc3 O-O 11. Nxc6 bxc6 12. O-O Qb6 13. Ba3 Qa6 {D79: Fianchetto Grünfeld: Symmetrical Variation (6 0-0 c6 7 cxd5 cxd5)} 14. Qxa6 Bxa6 15. Rfb1 Rfb8 (15... Bxe2 16. Bxe7 Rfb8 17. Bd6 Rd8 18. Bc5 Bf8 19. Bxf8 Kxf8 20. Rb2 Bd3 21. Rd1 Bf5 22. Rb7 Rdb8 23. Rc7 Rc8 24. Rb7 Rcb8 25. Rc7 Rc8 26. Rb7 {½-½ (26) Ding,L (2755)-Vachier Lagrave,M (2819) Saint Louis 2016}) 16. Bxe7 {[#] LiveBook: 5 Games} {Predecessor:} Bxe2 $146 17. Bd6 Rd8 18. Bc5 Bf8 19. Bxf8 Kxf8 20. Rb7 Rdb8 21. Rc7 Rc8 22. Rd7 Rd8 23. Rc7 Rdc8 24. Rd7 Rd8 25. Rc7 Rdc8 26. Rd7 Rd8 {½-½ (26) Xiong,J (2674)-Zherebukh,Y (2605) Saint Louis 2017} 1/2-1/2

[Event "FIDE Moscow Grand Prix 2017"]
[Site "Moscow"]
[Date "2017.05.21"]
[Round "9"]
[White "Harikrishna, Pentala"]
[Black "Radjabov, Teimour"]
[Result "1/2-1/2"]
[WhiteElo "2750"]
[BlackElo "2710"]
[Annotator "TA"]
[PlyCount "58"]
[EventDate "2017.??.??"]
[EventType "tourn"]
[EventCountry "RUS"]
[SourceTitle "playchess.com"]
[Source "ChessBase"]
[SourceQuality "1"]

{[%evp 27,58,9,10,0,20,0,0,0,1,1,1,1,1,1,1,0,0,0,10,9,10,0,4,0,0,0,0,0,0,0,0,0,0]} 1. d4 Nf6 2. c4 g6 3. Nc3 Bg7 4. Nf3 O-O 5. g3 c6 6. Bg2 d5 7. cxd5 cxd5 8. Ne5 e6 9. O-O Nfd7 10. Nf3 Nf6 11. Ne5 Nfd7 12. Nf3 Nc6 13. e4 {D79: Fianchetto Grünfeld: Symmetrical Variation (6 0-0 c6 7 cxd5 cxd5)} (13. Bf4 Qb6 14. Na4 Qa6 15. Nc3 Qb6 16. Na4 Qa6 17. Nc3 {½-½ (15) Howell,D (2644)-Piorun,K (2665) Germany 2017}) 13... dxe4 14. Nxe4 Qb6 {[%cal Rc6d4] LiveBook: 3 Games. The position is equal.} 15. Qe2 e5 16. dxe5 $146 (16. d5 $5 {[%cal Rd5c6]} Nd4 17. Nxd4 exd4 18. a4 $11) ({Predecessor:} 16. d5 Nd4 17. Qc4 Qa5 18. Bd2 Qb5 19. Qxb5 Nxb5 20. a4 Nd4 21. Nxd4 exd4 {1-0 (37) Anuprita,P (2048)-Navarrete Espi,S (2169) Barbera del Valles 2011}) 16... Ndxe5 17. Nxe5 Bxe5 18. Nc3 Be6 19. Bh6 Bg7 20. Bxg7 Kxg7 21. Rfd1 Rad8 22. b3 Rxd1+ (22... h5 $5 {[%cal Re6g4]}) 23. Rxd1 Rd8 24. Bd5 Qa5 {[%cal Re6d5]} 25. Bxe6 {[#] Strongly threatening Rxd8.} Rxd1+ 26. Qxd1 {And now Ne4 would win.} Qxc3 27. Bd5 b6 28. Bxc6 Qxc6 29. Qd3 h5 {Precision: White = 63%, Black = 67%.} 1/2-1/2

[Event "FIDE Moscow Grand Prix 2017"]
[Site "Moscow"]
[Date "2017.05.21"]
[Round "9"]
[White "Adams, Michael"]
[Black "Tomashevsky, Evgeny"]
[Result "1/2-1/2"]
[WhiteElo "2747"]
[BlackElo "2696"]
[Annotator "TA"]
[PlyCount "59"]
[EventDate "2017.??.??"]
[EventType "tourn"]
[EventCountry "RUS"]
[SourceTitle "playchess.com"]
[Source "ChessBase"]
[SourceQuality "1"]

{[%evp 26,59,20,26,27,13,18,16,48,14,23,12,46,13,13,13,16,16,17,20,25,5,5,5,5,2,4,4,5,5,6,5,5,5,12,5]} 1. e4 e5 2. Nf3 Nc6 3. Bb5 a6 4. Ba4 Nf6 5. O-O Be7 6. Re1 b5 7. Bb3 O-O 8. a4 b4 9. d4 d6 10. dxe5 Nxe5 11. Nxe5 {C88: Closed Ruy Lopez: Anti-Marshall Systems} dxe5 12. Qxd8 Rxd8 13. Nd2 Bc5 14. Nf3 {LiveBook: 3 Games} Re8 15. Be3 Bxe3 16. Rxe3 {[#]} h6 $146 ({Predecessor:} 16... Be6 17. Rd1 {½-½ (17) Baklan,V (2645)-Kasimdzhanov,R (2712) Nakhchivan 2015}) 17. Rd1 Be6 18. Kf1 Kf8 19. Nd2 Nd7 20. Bxe6 Rxe6 21. Nc4 Nb6 22. Nxb6 cxb6 $11 {[%mdl 4096] Endgame KRR-KRR} 23. c3 Rc8 {The position is equal.} 24. cxb4 Rc4 $1 25. b5 Rxa4 26. bxa6 Rxa6 27. Rc3 Ra7 28. Ke2 Ke7 29. Rd5 Rd7 30. Rxd7+ {Precision: White = 58%, Black = 68%.} 1/2-1/2

[Event "FIDE Moscow Grand Prix 2017"]
[Site "Moscow"]
[Date "2017.05.21"]
[Round "9"]
[White "Inarkiev, Ernesto"]
[Black "Hou, Yifan"]
[Result "0-1"]
[WhiteElo "2727"]
[BlackElo "2652"]
[Annotator "TA"]
[PlyCount "68"]
[EventDate "2017.??.??"]
[EventType "tourn"]
[EventCountry "RUS"]
[SourceTitle "playchess.com"]
[Source "ChessBase"]
[SourceQuality "1"]

{[%evp 18,68,11,12,39,38,66,19,16,0,30,26,30,11,32,27,25,21,69,70,85,0,0,-4,47,37,47,31,33,0,0,0,0,0,0,-172,-191,-262,-241,-578,-564,-665,-656,-622,-456,-643,-639,-757,-711,-688,-627,-935,-939]} 1. e4 e5 2. Nf3 Nc6 3. Bc4 Bc5 4. O-O Nf6 5. d3 d6 6. c3 a6 7. Re1 O-O 8. Bb3 h6 9. Nbd2 Ng4 {C54: Giuoco Piano: 4 c3 Nf6, main lines with 5 d4 and 5 d3} (9... Be6 10. Nf1 Re8 11. Bxe6 fxe6 12. Ng3 Qd7 13. d4 exd4 14. cxd4 Bb4 15. Re2 d5 16. e5 Nh7 17. Qd3 {1-0 (28) Lu,S (2627)-Ganguly,S (2668) Doha 2016}) 10. Re2 {LiveBook: 8 Games} Kh8 11. h3 f5 $146 {White is slightly better.} ({Predecessor:} 11... Nf6 12. Nf1 Nh5 13. d4 exd4 14. cxd4 Bb6 15. Be3 f5 16. exf5 Rxf5 17. N1h2 {0-1 (42) Tolonen,M (2235)-Heino,J (2132) Finland 2000}) 12. exf5 Nxf2 13. Rxf2 Bxf2+ 14. Kxf2 {g4 is the strong threat.} Bxf5 15. Qe2 d5 $1 16. Kg1 Qd6 17. Bc2 Rf7 18. b4 a5 {[#]} 19. Bb2 ({Better is} 19. b5 $1 $16 {[%cal Rb5c6]} Qc5+ 20. Kh2 Qxc3 21. bxc6 Qxa1 22. cxb7) 19... axb4 $11 20. cxb4 Nxb4 (20... Qxb4 $11 21. Bb3 Re7) 21. Nxe5 $14 Re7 22. Ndf3 Kg8 {[#] Hoping for ...Qc5+.} ({Of course not} 22... Qc5+ $6 23. Bd4 $16) 23. Qd2 (23. Bb1 {seems wilder.} c5 24. a3 Nc6 25. Qf2 Rae8 26. d4) 23... Nxc2 24. Qxc2 c5 25. Qb3 Kh7 $1 {White must now prevent ...d4.} 26. Kh1 $2 (26. d4 $1 $11 {and White stays safe.}) 26... d4 $19 27. Bc1 (27. Re1 {might work better.}) 27... Rxe5 28. Bf4 $2 (28. Nxe5 {nothing else works.} Qxe5 29. Qxb7) 28... Qd5 {Black is clearly winning.} 29. Rb1 Qxb3 30. Rxb3 Rd5 31. Ne5 (31. Rxb7 $142 Bxd3 32. Be5) 31... Rxa2 32. Rxb7 Re2 33. g4 Be6 34. Nc4 Rd8 {Precision: White = 28%, Black = 64%.} 0-1